000 00314nam a2200145Ia 4500
100 _aAnil Agarwal ./ed
650 _aGeneral
942 _cBK
654 _achallenges
245 _aThe challenges of the Balance
260 _bKnowledge Book
_c2004
082 _a333.7
_bANI
300 _a388
546 _aENGLISH
999 _c28312
_d28312